Catálogo
 En Linea

La filosofía en Chile / (Registro nro. 15612)

Detalles MARC
000 -CABECERA
campo de control de longitud fija 00678cam a2200205 a 4500
001 - NÚMERO DE CONTROL
campo de control 000016071
005 - FECHA Y HORA DE LA ÚLTIMA TRANSACCIÓN
campo de control 20200929164248.0
008 - DATOS DE LONGITUD FIJA--INFORMACIÓN GENERAL
campo de control de longitud fija 770316s1976 cl b f001 0 spa d
010 ## - NÚMERO DE CONTROL DE LA BIBLIOTECA DEL CONGRESO
Número de control de LC 77450105
035 ## - NÚMERO DE CONTROL DEL SISTEMA
Número de control de sistema (DLC) 77450105
040 ## - FUENTE DE LA CATALOGACIÓN
Centro catalogador/agencia de origen DO-SdBNP
Centro/agencia transcriptor DLC
Centro/agencia modificador DLC
082 ## - NÚMERO DE LA CLASIFICACIÓN DECIMAL DEWEY
Número de clasificación 199.83
Número de documento/Ítem E74f
100 1# - ENTRADA PRINCIPAL--NOMBRE DE PERSONA
Nombre de persona Escobar, Roberto.
9 (RLIN) 36047
245 13 - MENCIÓN DE TÍTULO
Título La filosofía en Chile /
Mención de responsabilidad, etc. Roberto Escobar.
260 ## - PUBLICACIÓN, DISTRIBUCIÓN, ETC.
Lugar de publicación, distribución, etc. Santiago, Chile :
Nombre del editor, distribuidor, etc. Universidad Técnica del Estado,
Fecha de publicación, distribución, etc. 1976.
300 ## - DESCRIPCIÓN FÍSICA
Extensión 157 p. ;
Dimensiones 24 cm.
504 ## - NOTA DE BIBLIOGRAFÍA, ETC.
Nota de bibliografía, etc. Incluye referencias bibliografías: 57-59, 83-85, 145-152.
650 #4 - PUNTO DE ACCESO ADICIONAL DE MATERIA--TÉRMINO DE MATERIA
Término de materia o nombre geográfico como elemento de entrada Filosofía chilena
Subdivisión general Ensayos, conferencias, etc.
9 (RLIN) 36048
910 ## - DATOS DE OPCIÓN DEL USUARIO (OCLC)
Datos de opción del usuario Catalogación por copia / LC
Existencias
Estado de retiro Estado de pérdida Restricciones de uso No para préstamo Código de colección Localización permanente Ubicación/localización actual Ubicación en estantería Fecha de adquisición Número de inventario Total de préstamos Signatura topográfica completa Código de barras Fecha visto por última vez Precio válido a partir de Tipo de ítem Koha
    Préstamo interno   Monografías: Libros y Folletos General General En catalogación 24.02.2010 LF1   199.83 E74f 16071-10 25.06.2020 25.06.2020 Préstamo interno

Con tecnología Koha